| 000 | 00564nam a2200181 a 4500 | ||
|---|---|---|---|
| 005 | 20210223130220.0 | ||
| 008 | 070810s2004 ag r 000 0 spa d | ||
| 020 | _a9870004741 | ||
| 035 | _aUPN01000150746 | ||
| 049 | _aCG | ||
| 050 | 4 |
_aBV4335 _bF6.2 |
|
| 100 | 1 | _aFosarelli, Patricia | |
| 245 | 1 | 0 |
_aAcompaƱando a niƱos con enfermedades graves y a sus familias / _cPat Fosarelli ; tr. Alicia Lorefice. |
| 260 |
_aBuenos Aires : _bLumen, _c2004. |
||
| 300 | _a142 p. | ||
| 650 | 4 |
_aIGLESIA - _xTRABAJO Y ACTIVIDADES CON LOS ENFERMOS _910341 |
|
| 905 | _aLibro | ||
| 999 |
_c122887 _d122887 |
||